Szczegóły MARC21

Proposals that work : a guide for planning dissertations and grant proposals /

005 -DATA I CZAS OSTATNIEJ MODYFIKACJI [,]
    • @
    • pole kontrolne
    • 20140915092431.0
020 -Międzynarod. znormalizowany nr książki - ISBN [ , ]
    • a
    • Numer ISBN
    • 9781452216850 Find
040 -Instytucja sporządzająca opis [ , ]
    • a
    • Instytucja, która sporządziła opis (NP)
    • SZCZ U/JG
    • c
    • Instytucja, która sporządziła rekord (NP)
    • SZCZ U/JG
    • d
    • Instytucja, która zmodyfikowała rekord (P)
    • SZCZ U/JŚ
041 -Język dokumentu [0, ]
    • a
    • Język tekstu (P)
    • angielski
044 -Kraj miejsca wydania [ , ]
    • a
    • Kraj miejsca wydania
    • USA
942 -Rodzaj dokumentu [ , ]
    • c
    • Rodzaj dokumentu
    • Książka
100 -Hasło główne - nazwa osobowa [1, ]
    • 9
    • KHW
    • 73782
    • a
    • Nazwa osobowa (NP)
    • Locke, Lawrence F.
    • d
    • Daty biograficzne (NP)
    • (1930- ).
245 -Strefa tytułu i oznaczenia odpowiedzialności [1,0]
    • a
    • Tytuł
    • Proposals that work : Find
    • b
    • Ciąg dalszy tytułu (NP)
    • a guide for planning dissertations and grant proposals / Find
    • c
    • Pozostałe elementy strefy tytułu i oznaczenia odpowiedzialności (NP)
    • Lawrence F. Locke, Waneen Wyrick Spirduso, Stephen J. Silverman.
250 -Strefa wydania [ , ]
    • a
    • Oznaczenie wydania (NP)
    • 6 ed.
260 -Strefa adresu wydawniczego [ , ]
    • a
    • Miejsce wydania (P)
    • Thousand Oaks [etc.] :
    • b
    • Nazwa wydawcy (P)
    • SAGE,
    • c
    • Data wydania (P)
    • cop. 2014.
300 -Strefa opisu fizycznego [ , ]
    • a
    • Określenie formy książki i/lub objętość (NP)
    • XX, 383 s. :
    • b
    • Oznaczenie ilustracji (NP)
    • il. ;
    • c
    • Format (NP)
    • 23 cm.
504 -Uwaga dot. bibliogr. załącznikowej [ , ]
    • a
    • Uwaga dot. bibliografii załącznikowej
    • Bibliogr. s. 365-372. Indeks.
080 -Uniwersalna Klasyfikacja Dziesiętna [ , ]
    • 2
    • Identyfikator wydania tablic
    • UDC-P058
    • 9
    • UKD
    • 3939
    • a
    • Symbol klasyfikacji
    • 378.014.543.3
    • b
    • Dopowiedzenie
    • Pomoc finansowa dla studentów. Stypendia. Granty.
    • 4
    • UKD2
    • 7644
    • x
    • Poddział wspólny
    • =111
    • c
    • Dopowiedzenie poddz. wspólnego
    • =Język angielski.
080 -Uniwersalna Klasyfikacja Dziesiętna [ , ]
    • 2
    • Identyfikator wydania tablic
    • UDC-P058
    • 9
    • UKD
    • 3959
    • a
    • Symbol klasyfikacji
    • 378.245
    • b
    • Dopowiedzenie
    • Stopnie naukowe uzyskiwane na podstawie dysertacji. Prace doktorskie i habilitacyjne. Wymagania dotyczące prac (rozpraw) naukowych.
    • 4
    • UKD2
    • 7644
    • x
    • Poddział wspólny
    • =111
    • c
    • Dopowiedzenie poddz. wspólnego
    • =Język angielski.
980 -Symbol UKD [ , ]
    • a
    • UKD
    • 378.014.543.3:378.245]=111
700 -Hasło dodatkowe - nazwa osobowa [1, ]
    • 9
    • KHW
    • 73783
    • a
    • Nazwa osobowa (NP)
    • Spirduso, Waneen Wyrick Find
    • d
    • Daty biograficzne (NP)
    • (1936- ).
700 -Hasło dodatkowe - nazwa osobowa [1, ]
    • 9
    • KHW
    • 73784
    • a
    • Nazwa osobowa (NP)
    • Silverman, Stephen J. Find
    • d
    • Daty biograficzne (NP)
    • (1954- ).
710 -Hasło dodatkowe - nazwa ciała zbiorowego [2, ]
    • 9
    • KHW
    • 55261
    • a
    • Nazwa ciała zbiorowego lub nazwa geograficzna jako pierwszy element (NP)
    • SAGE Publishing.
    • 4
    • Kod relacji
    • pbl
920 -ISBN [ , ]
    • a
    • ISBN
    • 978-1-4522-1685-0 Find
Lokalizacja Data inwentaryzacji Numer inwentarzowy Sygnatura Status udost.
T2014-04-08T.15891T.15891-2